| 000 | 00850nam a2200277Ia 4500 | ||
|---|---|---|---|
| 003 | OSt | ||
| 005 | 20220925221827.0 | ||
| 006 | a|||||r|||| 00| 0 | ||
| 007 | ta | ||
| 008 | 220923b |||||||| |||| 00| 0 eng d | ||
| 020 | _a0 863040 50 0 | ||
| 037 | _cGeneral Book | ||
| 040 |
_aRTL _cRTL _beng |
||
| 041 |
_2eng _aeng |
||
| 082 | _aY:1, N0 | ||
| 100 |
_aCecil Robert _9287123 |
||
| 245 | 0 |
_aCultural encounters _b Essays on the interactions of divese culture now and in the past |
|
| 260 |
_aLondon _bOctagon Press _c1990 |
||
| 300 |
_axviii,241p _ccm. |
||
| 490 | _aInstitute for Cultural Research, Publication | ||
| 500 | _aBibliography chapterwise | ||
| 650 | _aCulture and Civilisation | ||
| 700 |
_a Wade David _9287124 |
||
| 942 |
_hY:1, N0 _cGB _2CC |
||
| 999 |
_c575420 _d575420 |
||